Fogyasztóvédelmi jogi aktualitások

Bibliográfiai részletek
Szerző: Hámori Antal
Dokumentumtípus: Könyv része
Megjelent: Budapesti Gazdaságtudományi Egyetem Budapest 2025
Sorozat:Szemelvények a BGE kutatásaiból 2024
Tárgyszavak:
doi:10.29180/978-615-6886-21-7_9

Kulcsszavak:fogyasztóvédelem
fogyasztói többletvédelem
közjog
magánjog
anyagi jog
eljárásjog
védendő jogtárgyak
jogalkotás
jogalkalmazás
consumer protection
additional consumer protection
public law
private law
materail law
procedural law
legal objects to be protected
legislation
law enforcement
Online Access:http://publikaciotar.uni-bge.hu/2572

MARC

LEADER 00000naa a2200000 i 4500
001 publ2572
005 20251125131455.0
008 251125s2025 hu o 000 zxx d
020 |a 978-615-6886-21-7 
024 |a 10.29180/978-615-6886-21-7_9  |2 doi 
040 |a BGE Publikációtár Repozitórium  |b hun 
100 1 |a Hámori Antal 
245 1 0 |a Fogyasztóvédelmi jogi aktualitások  |c Hámori Antal  |h [elektronikus dokumentum] 
260 |a Budapesti Gazdaságtudományi Egyetem  |b Budapest  |c 2025 
300 |a 83-99 
490 0 |a Szemelvények a BGE kutatásaiból 2024 
520 3 |a A jelen tanulmány a fogyasztóvédelem, a fogyasztói többletvédelem jelentőségét, jogágakban és jogtárgyakban is megnyilvánuló komplexitását, sajátosságát, önállósodási törekvéseit a jogalkotási és a jogalkalmazási aktualitások – az eredmények, az előre lépések és a visszalépések, illetve a hiányosságok – tükrében, de lege ferenda javaslattal is előállva tárgyalja. A kutatás módszere a vonatkozó, szerteágazó joganyag (jogszabályok, jogalkalmazói aktusok), gazdag szakirodalom feltérképezése, számbavétele, vizsgálata, értékelése. Az eredmény ennek terjedelmi keretek között történő bemutatása, szabályozás, szabályalkalmazás, szakirodalom tekintetében egyaránt. 
650 4 |a állam- és jogtudományok 
695 |a fogyasztóvédelem 
695 |a fogyasztói többletvédelem 
695 |a közjog 
695 |a magánjog 
695 |a anyagi jog 
695 |a eljárásjog 
695 |a védendő jogtárgyak 
695 |a jogalkotás 
695 |a jogalkalmazás 
695 |a consumer protection 
695 |a additional consumer protection 
695 |a public law 
695 |a private law 
695 |a materail law 
695 |a procedural law 
695 |a legal objects to be protected 
695 |a legislation 
695 |a law enforcement 
856 4 0 |u https://publikaciotar.uni-bge.hu/id/eprint/2572/1/BGE%20Szemelv%C3%A9nyek%202024%20III.%20k%C3%B6tet_9.pdf  |z Dokumentum-elérés